Statistics for Most Common US Last Names Starting With B

Click here to take the quiz!

General Stats

  • This quiz has been taken 766 times
  • The average score is 14 of 41

Answer Stats

#name% Correct
1,380,145Brown
87%
150,186Black
76%
264,752Bell
70%
413,351Baker
67%
77,561Ball
62%
84,233Benson
55%
69,279Blake
53%
265,916Bailey
48%
131,289Bradley
48%
93,161Beck
46%
162,153Burns
45%
210,426Barnes
44%
85,221Barker
42%
129,405Berry
42%
239,055Bennett
41%
71,175Brady
35%
240,751Brooks
34%
107,158Burton
34%
66,622Barton
33%
99,294Banks
32%
183,761Bryant
32%
95,896Barrett
30%
119,175Burke
30%
81,524Bush
28%
88,114Becker
26%
79,151Baldwin
25%
93,743Bates
25%
75,135Blair
25%
210,879Butler
25%
100,465Brewer
24%
92,287Barnett
23%
76,504Barber
22%
149,476Boyd
18%
102,239Bowman
17%
114,034Bishop
15%
64,496Bowers
14%
88,811Byrd
14%
61,979Bauer
13%
77,078Bowen
13%
63,825Buchanan
11%
71,604Burgess
9%

Score Distribution

Percentile by Number Answered

Percent of People with Each Score

Your Score History

You have not taken this quiz